grade armée de terre - Statistiques

Statistiques générales
  • Ce quiz a été pris 70 fois
  • Le résultat moyen est 10 sur 16
Statistiques - réponses
Par images Réponse % Correct
colonel
93%
sergent
83%
sergent chef
76%
aspirant
74%
adjudant
67%
lieutenant
67%
lieutenant colonel
64%
capitaine
62%
general de brigade
62%
caporal
60%
sous lieutenant
60%
adjudant chef
57%
commandant
57%
caporal chef
55%
major
55%
soldat 1ère classe
2%
Aucun quiz correspondant
Distribution des résultats
% des personnes avec chaque résultat
Percentile par nombre de réponses
Votre historique - résultats
Vous n’avez pas pris ce quiz